01517nam a2200349 a 4500001001000000003000500010005001700015008004100032010001100073011001100084040000900095090001000104100004000114245022000154260004100374500006000415502010900475590004100584590004100625590004100666590004000707590004000747650004200787650005400829650005800883856007000941901000701011942001001018942000601028999001901034952011401053000115897CHAP20220329144553.0190722s2019 mx a |sm |||||||spa d a112358 a113330 cCHAP aTesis1 aPérez Alva, Erick Miguel.913655510aCaracterización morfológica de la escama Pseudococcus longispinus (Hemíptera: Coccoidea) en Ficus benjamina L. y efectividad bilógica de hongos entomopatógenosh[En línea]cpor Erick Miguel Pérez Alva. aChapingo, Méx. :bEl autor,c2019. aPara ver el contenido del material haga clic en la liga aTesis (Ing. Agr. Esp. en Parasitología Agrícola) -- UACH. Departamento de Parasitología Agrícola aBATCH-UPDb05c20190722lUCH01h1124 aE11695DGDb10c20190722lUCH01h1235 aE11695DGDb10c20190722lUCH01h1235 aE6337LMJb05c20190722lUCH01h1124 aE6337LMJb05c20190722lUCH01h112414aControl biológico de hongos.92758014aHongos fitopatógenosxIdentificación.913172014aPlantas ornamentalesxEnfermedades por hongos.989064 aFinding aiduhttp://10.13.5.2/tesis/sist115897.pdfzTeclea aquí aBK cTESIS n0 c112358d112358 00102local40718TESISaBCbBCd2019-07-22fTESISl0oTesisp115907-10r2019-12-31 00:00:00w2019-07-22yCD